History Quiz

Random History or State Quiz

Commonwealth Realms Quiz Stats

 Plays Quiz Updated Dec 2, 2021

     
Support Sporcle.
Go Orange.
Score 0/15 Timer 03:00
7 Plays Today
Country % Correct
Australia
91.5%
Canada
89.3%
New Zealand
82.8%
United Kingdom
75.7%
Jamaica
49.4%
Bahamas
46.3%
Saint Kitts and Nevis
33.9%
Antigua and Barbuda
31%
Country % Correct
Saint Lucia
30.6%
Saint Vincent and the Grenadines
28.3%
Grenada
27.4%
Belize
26%
Tuvalu
24.5%
Solomon Islands
21.1%
Papua New Guinea
19.3%

From the Vault

Shark Anatomy

by sssnakesss

Science 4m
We tried to find a quiz about Sharknado anatomy but apparently that is a made-up thing.
Remove Ads.
Support Sporcle.
Get the best of Sporcle when you Go Orange. This ad-free experience offers more features, more stats, and more fun while also helping to support Sporcle. Thank you for becoming a member.

Show Comments

Extras

Top Quizzes Today


Score Distribution

Your Account Isn't Verified!

In order to create a playlist on Sporcle, you need to verify the email address you used during registration. Go to your Sporcle Settings to finish the process.

Report this User

Report this user for behavior that violates our Community Guidelines.

Details: